|
|
|
|
| LEADER |
00000nam a2200000 i 4500 |
| 001 |
115643 |
| 003 |
CZ-ZlUTB |
| 005 |
20260529085359.0 |
| 007 |
ta |
| 008 |
260513s2021 xxka e p 000 0 eng d |
| 020 |
|
|
|a 978-1-108-90333-2
|q (brožováno)
|
| 040 |
|
|
|a ZLD002
|b cze
|e rda
|
| 072 |
|
7 |
|a 811.111
|x Angličtina
|2 Konspekt
|9 11
|
| 072 |
|
7 |
|a 37.016
|x Učební osnovy. Vyučovací předměty. Učebnice
|2 Konspekt
|9 22
|
| 080 |
|
|
|a 811.111
|2 MRF
|
| 080 |
|
|
|a 81’24:37.091.27
|2 MRF
|
| 080 |
|
|
|a (076.1)
|2 MRF
|
| 080 |
|
|
|a (07.063)81
|2 MRF
|
| 100 |
1 |
|
|a Brook-Hart, Guy
|7 xx0038847
|4 aut
|
| 245 |
1 |
0 |
|a Complete :
|b first.
|p Student's book with answers /
|c Guy Brook-Hart, Alice Copello, Lucy Passmore and Jishan Uddin
|
| 250 |
|
|
|a Third edition
|
| 264 |
|
1 |
|a Cambridge :
|b Cambridge,
|c 2021
|
| 300 |
|
|
|a 253 stran :
|b barevné ilustrace ;
|c 28 cm
|
| 336 |
|
|
|a text
|b txt
|2 rdacontent
|
| 337 |
|
|
|a bez média
|b n
|2 rdamedia
|
| 338 |
|
|
|a svazek
|b nc
|2 rdacarrier
|
| 500 |
|
|
|a Nad názvem: Official Cambridge exam preparation
|
| 500 |
|
|
|a Na vnitřní straně obálky uveden přístupový kód k audio zdrojům
|
| 521 |
2 |
|
|a B2 First, Cambridge English scale: 160-179
|
| 650 |
0 |
7 |
|a angličtina
|7 ph114056
|2 czenas
|
| 650 |
0 |
7 |
|a jazykové zkoušky
|7 ph466388
|2 czenas
|
| 650 |
0 |
7 |
|a First Certificate in English
|7 ph499651
|2 czenas
|
| 650 |
0 |
9 |
|a English language
|2 eczenas
|
| 650 |
0 |
9 |
|a language examinations
|2 eczenas
|
| 650 |
0 |
9 |
|a First Certificate in English
|2 eczenas
|
| 655 |
|
7 |
|a pracovní sešity
|7 fd133116
|2 czenas
|
| 655 |
|
7 |
|a jazykové učebnice, texty, příručky (B)
|7 fd600891
|2 czenas
|
| 655 |
|
9 |
|a activity books
|2 eczenas
|
| 700 |
1 |
|
|a Copello, Alice
|7 mzk20211127797
|4 aut
|
| 700 |
1 |
|
|a Passmore, Lucy
|7 mzk20211127799
|4 aut
|
| 700 |
1 |
|
|a Uddin, Jishan
|7 mzk20211127991
|4 aut
|
| 710 |
2 |
|
|a Cambridge University Press
|7 ko2002102052
|4 pbl
|
| 910 |
|
|
|a ZLD002
|
| 942 |
|
|
|2 udc
|
| 952 |
|
|
|0 0
|1 0
|4 0
|5 0
|6 8020BROOKHARTG
|7 0
|8 BOOK
|9 191143
|a UTBZL
|b UTBZL
|c 005
|d 2026-05-13
|l 0
|o 802.0/BROOK-HART,G.
|p 420010202058
|r 2026-05-13 13:46:49
|v 645.00
|w 2026-05-13
|x N:nákup
|y 01
|
| 992 |
|
|
|a BK
|b SK
|
| 999 |
|
|
|c 115643
|d 115643
|